[Event "European Youth Chess Championship B12"]
[Site "Prague, Top Hotel Prague"]
[Date "2016.08.26"]
[Round "8.1"]
[White "Bjerre, Jonas"]
[Black "Oglaza, Oskar"]
[Result "1/2-1/2"]
[WhiteElo "2382"]
[BlackElo "2128"]
[PlyCount "74"]
[EventDate "2016.08.18"]

1. e4 c5 2. Nf3 e6 3. d4 cxd4 4. Nxd4 Nc6 5. Nc3 Qc7 6. Be2 a6 7. O-O Nf6 8.
Be3 Be7 9. f4 d6 10. Qe1 O-O 11. Qg3 Nxd4 12. Bxd4 b5 13. a3 Bb7 14. Bd3 Nh5
15. Qh3 Nxf4 16. Rxf4 e5 17. Rf2 exd4 18. Ne2 g6 19. Nxd4 d5 20. exd5 Bxd5 21.
c3 Rae8 22. Kh1 Bc5 23. Qh4 Qe7 24. Qxe7 Rxe7 25. Re2 Rxe2 26. Nxe2 Re8 27. Rd1
Bb3 28. Rf1 Bc4 29. Nc1 Rd8 30. Rf3 Bd5 31. Rf1 Be3 32. Be2 Bxc1 33. Rxc1 Bb3
34. Kg1 Rd2 35. Kf1 Rxb2 36. c4 bxc4 37. Bxc4 Bxc4+ 1/2-1/2

[Event "European Youth Chess Championship B12"]
[Site "Prague, Top Hotel Prague"]
[Date "2016.08.26"]
[Round "8.2"]
[White "Gharibyan, Mamikon"]
[Black "Kacharava, Nikolozi"]
[Result "1-0"]
[WhiteElo "2194"]
[BlackElo "2024"]
[PlyCount "81"]
[EventDate "2016.08.18"]

1. d4 Nf6 2. c4 e6 3. Nc3 c5 4. d5 exd5 5. cxd5 d6 6. Nf3 g6 7. Bf4 a6 8. a4
Bg7 9. h3 O-O 10. e3 Ne8 11. Be2 Nd7 12. O-O Ne5 13. Nd2 Qe7 14. Re1 Nc7 15.
Qb3 Rb8 16. a5 Bd7 17. Bg3 f5 18. Rad1 g5 19. f4 Ng6 20. Nc4 Bb5 21. Bh5 Bxc4
22. Qxc4 b5 23. axb6 Rxb6 24. Rd2 Rb4 25. Qd3 gxf4 26. exf4 Qf6 27. Kh2 Rd4 28.
Qc2 Rxd2 29. Qxd2 Qd4 30. Qc1 Qc4 31. Be2 Qb4 32. Bd3 Bxc3 33. bxc3 Qb3 34. h4
Qxd5 35. Bc2 Qf7 36. Qd1 d5 37. h5 Ne7 38. Re5 Ne8 39. Qe2 Nc6 40. Rxf5 Qd7 41.
Qg4+ 1-0

[Event "European Youth Chess Championship B12"]
[Site "Prague, Top Hotel Prague"]
[Date "2016.08.26"]
[Round "8.3"]
[White "Ozenir, Ekin Baris"]
[Black "Larkin, Vladislav"]
[Result "1-0"]
[WhiteElo "2030"]
[BlackElo "1932"]
[PlyCount "135"]
[EventDate "2016.08.18"]

1. d4 Nf6 2. c4 e6 3. Nf3 Bb4+ 4. Nbd2 a5 5. a3 Be7 6. e4 d6 7. b3 b6 8. Bb2
Bb7 9. Qc2 c5 10. d5 e5 11. g3 O-O 12. Bg2 Bc8 13. O-O Nh5 14. Qd1 g6 15. Ne1
Bg5 16. Nd3 f5 17. f4 fxe4 18. Nxe4 exf4 19. Nxg5 Qxg5 20. Qd2 Bf5 21. Nxf4 Nd7
22. Rae1 Rae8 23. Qc3 Ne5 24. Bc1 Qg4 25. Re3 Qg5 26. Re2 Bg4 27. Ref2 Qe7 28.
h3 Bd7 29. g4 Nxf4 30. Bxf4 g5 31. Bg3 Rxf2 32. Rxf2 Rf8 33. Re2 Re8 34. Bxe5
dxe5 35. Qd2 Qf6 36. Rf2 Qg6 37. Qe3 h6 38. Be4 Qd6 39. Qd3 Rf8 40. Bh7+ Kg7
41. Rxf8 Kxf8 42. Bf5 Be8 43. Kg2 Kg7 44. Kf3 Bf7 45. Ke4 Be8 46. a4 Bg6 47.
Qg3 Bxf5+ 48. gxf5 Kf6 49. h4 Qe7 50. hxg5+ hxg5 51. Qh2 g4 52. Qh4+ Kf7 53.
Qxg4 Kf8 54. f6 Qxf6 55. Qf5 Kf7 56. Qxe5 Qd8 57. Qe6+ Kg7 58. Ke5 Qg5+ 59. Kd6
Qg1 60. Qe5+ Kh7 61. Kc7 Qg2 62. d6 Qa8 63. d7 Qa7+ 64. Kc6 Qa8+ 65. Kb5 Qf3
66. d8=Q Qxb3+ 67. Ka6 Qxc4+ 68. Kb7 1-0

[Event "European Youth Chess Championship B12"]
[Site "Prague, Top Hotel Prague"]
[Date "2016.08.26"]
[Round "8.4"]
[White "Solomon, Asif"]
[Black "Suleymanli, Aydin"]
[Result "1-0"]
[WhiteElo "2057"]
[BlackElo "2145"]
[PlyCount "161"]
[EventDate "2016.08.18"]

1. d4 e6 2. c4 Nf6 3. Nc3 Bb4 4. e3 O-O 5. Nge2 b6 6. a3 Bxc3+ 7. Nxc3 Bb7 8.
Bd3 d6 9. O-O Nbd7 10. e4 e5 11. d5 Re8 12. Bc2 a6 13. Re1 h6 14. Re3 Nf8 15.
Ba4 Re7 16. Rg3 Ng6 17. Qf3 Bc8 18. Bxh6 Bg4 19. Qe3 gxh6 20. Qxh6 Bc8 21. h4
Qf8 22. Qg5 Nh7 23. Qe3 Kh8 24. Rf1 Nf4 25. Kh2 Nf6 26. Bd1 Bd7 27. Rh1 Qh6 28.
Rg5 Rg8 29. Kg1 Qh7 30. Qg3 Rg6 31. h5 Rxg5 32. Qxg5 Qg7 33. Qxg7+ Kxg7 34. g3
Nh3+ 35. Kg2 Ng5 36. f3 Ne8 37. g4 c6 38. Ba4 b5 39. dxc6 Bxc6 40. cxb5 axb5
41. Bxb5 Bxb5 42. Nxb5 Rb7 43. a4 Nc7 44. Nxc7 Rxc7 45. Rb1 Ra7 46. Ra1 Rb7 47.
Ra2 Ne6 48. a5 Nf4+ 49. Kg3 Nd3 50. a6 Ra7 51. b3 f6 52. Ra3 Kh6 53. Kg2 Kg5
54. Kf1 Nb4 55. Ra4 Nc2 56. b4 Nxb4 57. Rxb4 Rxa6 58. Rb3 Kf4 59. Rd3 Ra1+ 60.
Ke2 Rh1 61. Kd2 Rh2+ 62. Kc3 Ra2 63. Kc4 Ra5 64. Kb4 Ra1 65. Kc4 Ra2 66. Kd5
Ra4 67. Ke6 Ra6 68. Rxd6 Ra3 69. Kxf6 Rxf3 70. g5 Kxe4+ 71. Kg7 Rg3 72. g6 Kf5
73. h6 Ra3 74. h7 Ra7+ 75. Kh6 Ra8 76. Rd1 Ra4 77. Rf1+ Kg4 78. Rg1+ Kf3 79.
h8=Q Rh4+ 80. Kg7 Rxh8 81. Kxh8 1-0

[Event "European Youth Chess Championship B12"]
[Site "Prague, Top Hotel Prague"]
[Date "2016.08.26"]
[Round "8.5"]
[White "Kochavi, Ori"]
[Black "Ahmadzada, Ahmad"]
[Result "1-0"]
[WhiteElo "2038"]
[BlackElo "2113"]
[PlyCount "63"]
[EventDate "2016.08.18"]

1. e4 c5 2. Nf3 e6 3. d4 cxd4 4. Nxd4 d6 5. Nc3 Nc6 6. g3 Nf6 7. Bg2 Bd7 8. O-O
Be7 9. Be3 O-O 10. Qe2 a6 11. a4 Qc7 12. Nxc6 bxc6 13. a5 Bc8 14. Bb6 Qb7 15.
e5 dxe5 16. Na4 Nd5 17. c4 Nxb6 18. axb6 f6 19. Rfd1 Bd7 20. c5 Rad8 21. b4 Bc8
22. Nb2 f5 23. Nc4 e4 24. Na5 Qa8 25. Rxd8 Rxd8 26. Rd1 Re8 27. f3 e5 28. fxe4
f4 29. gxf4 exf4 30. e5 Bb7 31. Rd7 Bc8 32. Nxc6 1-0

[Event "European Youth Chess Championship B12"]
[Site "Prague, Top Hotel Prague"]
[Date "2016.08.26"]
[Round "8.6"]
[White "Subelj, Jan"]
[Black "Stukan, Martin"]
[Result "0-1"]
[WhiteElo "2088"]
[BlackElo "1962"]
[PlyCount "126"]
[EventDate "2016.08.18"]

1. e4 c5 2. Nf3 d6 3. c3 Nf6 4. Be2 Nc6 5. Qc2 e5 6. O-O Be7 7. a3 a5 8. a4 O-O
9. Na3 Bg4 10. d3 d5 11. h3 Bh5 12. exd5 Qxd5 13. Nc4 Rad8 14. Ne3 Qd7 15. Nc4
Qd5 16. Rd1 h6 17. b3 Bg6 18. Bb2 Nh5 19. Ne3 Qe6 20. Ne1 Nf4 21. Bg4 Qf6 22.
g3 Nd5 23. Nxd5 Rxd5 24. f4 Rdd8 25. Ng2 h5 26. Bf3 Qe6 27. Kh2 Rd7 28. Bxc6
Qxc6 29. fxe5 Bg5 30. Qe2 Qd5 31. c4 Qc6 32. d4 cxd4 33. Rxd4 Rxd4 34. Bxd4 Rd8
35. Qf2 Qe4 36. Bc3 Rd3 37. Re1 Qc6 38. Bd4 Rxb3 39. e6 fxe6 40. Rf1 Qe8 41.
Bc5 Rc3 42. Qe1 Rc2 43. Rf8+ Qxf8 44. Bxf8 Kxf8 45. Qxe6 Bf6 46. h4 Be8 47. Qf5
Rb2 48. Kh3 Rd2 49. g4 hxg4+ 50. Kg3 Bd7 51. Qxa5 Rd3+ 52. Kf2 g3+ 53. Ke2 Rb3
54. Nf4 Bg4+ 55. Kf1 Rf3+ 56. Kg2 Rxf4 57. Qa8+ Kf7 58. Qxb7+ Kg6 59. Qb1+ Bf5
60. h5+ Kxh5 61. Qb5 Kg4 62. c5 Be4+ 63. Kg1 Bd4# 0-1

[Event "European Youth Chess Championship B12"]
[Site "Prague, Top Hotel Prague"]
[Date "2016.08.26"]
[Round "8.7"]
[White "Tanriverdi, Enes"]
[Black "Musyuk, Lior"]
[Result "1-0"]
[WhiteElo "1991"]
[BlackElo "2087"]
[PlyCount "91"]
[EventDate "2016.08.18"]

1. d4 c5 2. d5 Nf6 3. c4 e6 4. Nc3 exd5 5. cxd5 d6 6. Nf3 g6 7. Bf4 a6 8. a4
Bg7 9. h3 O-O 10. e3 Re8 11. Nd2 Nh5 12. Bh2 Be5 13. Bxe5 Rxe5 14. Be2 Nf6 15.
e4 Qc7 16. O-O Nbd7 17. b3 Re8 18. f4 Kg7 19. Bf3 Rb8 20. a5 b5 21. axb6 Nxb6
22. Kh1 h5 23. Qc1 Nbd7 24. Ra3 Bb7 25. Nc4 Kh7 26. Re1 Nb6 27. Ra2 Re7 28.
Rae2 Rbe8 29. Qb2 Nxc4 30. bxc4 Bc8 31. Qd2 Qb8 32. e5 Nd7 33. e6 fxe6 34. dxe6
Nf6 35. f5 Qb4 36. Nd5 Nxd5 37. Qxd5 Bb7 38. fxg6+ Kg7 39. Qxh5 Bxf3 40. Qxf3
Qxc4 41. Rf1 Rxe6 42. Qf7+ Kh6 43. Qh7+ Kg5 44. Ref2 Re5 45. g7 Qe6 46. h4+ 1-0

[Event "European Youth Chess Championship B12"]
[Site "Prague, Top Hotel Prague"]
[Date "2016.08.26"]
[Round "8.8"]
[White "Nguyen, Alex Dac-Vuong"]
[Black "Ingebretsen, Jens E"]
[Result "1-0"]
[WhiteElo "2069"]
[BlackElo "1841"]
[PlyCount "81"]
[EventDate "2016.08.18"]

1. e4 e6 2. d4 d5 3. e5 c5 4. c3 Nc6 5. Nf3 Bd7 6. a3 a5 7. Bd3 Qb6 8. O-O cxd4
9. cxd4 Nxd4 10. Nxd4 Qxd4 11. Nc3 Qb6 12. Qg4 Ne7 13. Be3 Qb3 14. Rfc1 Rc8 15.
Qe2 Nc6 16. Nb5 Qa4 17. Bb6 Be7 18. Nc7+ Kf8 19. Nb5 g6 20. Nd6 Bxd6 21. exd6
Kg7 22. Bc5 h5 23. b4 axb4 24. axb4 Qb3 25. Rab1 Qa4 26. Qb2+ Kh7 27. Ra1 Qxa1
28. Rxa1 e5 29. b5 Nd4 30. Bxd4 exd4 31. Qxd4 Be6 32. f4 Rhd8 33. Qe5 Re8 34.
Qxh5+ Kg7 35. Qg5 Rh8 36. f5 Rh5 37. f6+ Kf8 38. Qg3 Ke8 39. Bxg6 fxg6 40.
Qxg6+ Bf7 41. Re1+ 1-0

[Event "European Youth Chess Championship B12"]
[Site "Prague, Top Hotel Prague"]
[Date "2016.08.26"]
[Round "8.9"]
[White "Karaoglan, Doruk"]
[Black "Trifan, Andrei Ioan"]
[Result "0-1"]
[WhiteElo "1889"]
[BlackElo "2069"]
[PlyCount "64"]
[EventDate "2016.08.18"]

1. e4 e5 2. Nf3 Nc6 3. Bc4 Bc5 4. c3 Nf6 5. d3 a6 6. Bb3 Ba7 7. Nbd2 O-O 8. h3
d5 9. Qe2 Be6 10. Nf1 h6 11. Ng3 Qd7 12. Nh4 Rad8 13. Bc2 Ne7 14. Qf3 Ne8 15.
O-O f5 16. exf5 Nxf5 17. Ngxf5 Bxf5 18. Nxf5 Rxf5 19. Qg3 Kh8 20. d4 e4 21. Be3
c6 22. f3 Bb8 23. Qg4 Nf6 24. Qh4 Qd6 25. f4 Nh5 26. Bd1 Nxf4 27. Bxf4 Rxf4 28.
Qxf4 Qxf4 29. Rxf4 Bxf4 30. Bg4 Rf8 31. Re1 Bg3 32. Rf1 Bh2+ 0-1

[Event "European Youth Chess Championship B12"]
[Site "Prague, Top Hotel Prague"]
[Date "2016.08.26"]
[Round "8.10"]
[White "Bilych, Olexiy"]
[Black "Ognean, Mihnea-Ionut"]
[Result "0-1"]
[WhiteElo "1860"]
[BlackElo "2037"]
[PlyCount "78"]
[EventDate "2016.08.18"]

1. e4 c5 2. Nf3 e6 3. d4 cxd4 4. Nxd4 a6 5. Bd3 Qc7 6. Qe2 d6 7. c4 Nf6 8. O-O
Be7 9. Nc3 b6 10. Kh1 Bb7 11. f4 Nbd7 12. b3 O-O 13. f5 e5 14. Nc2 b5 15. Nb4
bxc4 16. Bxc4 Nb6 17. Nbd5 Bxd5 18. Nxd5 Nfxd5 19. Bxd5 Nxd5 20. exd5 Rfc8 21.
Be3 Qc2 22. Qg4 Bf6 23. Qd1 Qe4 24. Qf3 Qxf3 25. gxf3 Rc3 26. Bd2 Rd3 27. Bb4
Rxd5 28. Rad1 Rxd1 29. Rxd1 Be7 30. Rd2 Rd8 31. Kg2 f6 32. Kf2 Kf7 33. Rc2 Rb8
34. Ba3 Rb6 35. Ke3 g6 36. Ke4 d5+ 37. Kxd5 Bxa3 38. Rc7+ Be7 39. fxg6+ hxg6
0-1

[Event "European Youth Chess Championship B12"]
[Site "Prague, Top Hotel Prague"]
[Date "2016.08.26"]
[Round "8.11"]
[White "Czopor, Maciej"]
[Black "Abelakiotis, Stavros"]
[Result "0-1"]
[WhiteElo "2025"]
[BlackElo "1784"]
[PlyCount "96"]
[EventDate "2016.08.18"]

1. e4 c5 2. Nf3 e6 3. d4 cxd4 4. Nxd4 Nc6 5. Nc3 Qc7 6. Be2 a6 7. O-O Nf6 8.
Be3 Bb4 9. Na4 O-O 10. c4 Bd6 11. g3 Nxe4 12. c5 Be7 13. Bf3 f5 14. Rc1 Bf6 15.
Nb3 Be5 16. Qc2 Nb4 17. Qb1 Nf6 18. Nb6 Rb8 19. a3 Nc6 20. Nc4 f4 21. Bd2 fxg3
22. fxg3 Nd4 23. Ba5 Nxf3+ 24. Rxf3 b6 25. Bxb6 Rxb6 26. cxb6 Qb8 27. Qd3 Bb7
28. Rff1 Bd5 29. Nbd2 Bxb2 30. Rb1 Be5 31. a4 Rc8 32. Rbe1 Ng4 33. a5 Bf6 34.
Rc1 h5 35. Ne4 Be7 36. Ncd2 Rxc1 37. Rxc1 h4 38. Qxa6 Qe5 39. Qc8+ Kh7 40. Qc3
Bc5+ 41. Nxc5 Qg5 42. Qd3+ g6 43. gxh4 Qf4 44. Qg3 Qd4+ 45. Kf1 Qxd2 46. Qxg4
Qxc1+ 47. Ke2 Qxc5 48. Qf4 Qc4+ 0-1

[Event "European Youth Chess Championship B12"]
[Site "Prague, Top Hotel Prague"]
[Date "2016.08.26"]
[Round "8.12"]
[White "Sargsyan, Sargis Vach"]
[Black "Petkov, Momchil"]
[Result "1/2-1/2"]
[WhiteElo "1912"]
[BlackElo "1997"]
[PlyCount "173"]
[EventDate "2016.08.18"]

1. Nf3 f5 2. d4 Nf6 3. g3 e6 4. Bg2 Be7 5. O-O O-O 6. c4 d5 7. b3 c6 8. Ba3
Bxa3 9. Nxa3 Bd7 10. Nc2 Be8 11. Nce1 Nbd7 12. Nd3 Bh5 13. Nfe5 Qe7 14. Qc2 Kh8
15. f3 Rac8 16. Nxd7 Nxd7 17. Nf4 Bf7 18. cxd5 cxd5 19. Qd2 Qa3 20. Rfc1 a5 21.
Nd3 b6 22. e3 Qd6 23. Rxc8 Rxc8 24. Rc1 Rc6 25. Kf2 Kg8 26. Bf1 Qc7 27. Rxc6
Qxc6 28. Qc1 Qxc1 29. Nxc1 Kf8 30. Bb5 Ke7 31. Nd3 Be8 32. Bxd7 Kxd7 33. a4 Kd6
34. h4 Bg6 35. Ke2 Bh5 36. Ne5 Be8 37. g4 fxg4 38. fxg4 Kc7 39. h5 Kd6 40. Nd3
Ke7 41. Kf3 h6 42. Ne5 b5 43. axb5 Bxb5 44. Kf4 Kf6 45. Nf3 Ke7 46. Ne5 Kd6 47.
Kf3 Ba6 48. Kf2 Bb5 49. Kf3 Ke7 50. Ng6+ Kd6 51. Ne5 Ke7 52. Kg3 Kf6 53. Kh4
Ke7 54. g5 hxg5+ 55. Kxg5 a4 56. bxa4 Bxa4 57. Nd3 Be8 58. Nf4 Kd6 59. Ng6 Bf7
60. Ne5 Be8 61. Ng4 Ke7 62. Nf2 Kd6 63. Nh1 Ke7 64. Ng3 Kd6 65. Kf4 Bf7 66. Kg5
Be8 67. Ne2 Bf7 68. Nf4 Be8 69. Nd3 Bf7 70. Ne5 Be8 71. h6 gxh6+ 72. Kxh6 Ke7
73. Kg7 Bh5 74. Ng6+ Bxg6 75. Kxg6 e5 76. Kf5 exd4 77. exd4 Kf7 78. Ke5 Ke7 79.
Kxd5 Kd7 80. Ke5 Ke7 81. d5 Kd7 82. d6 Kd8 83. Kf6 Kd7 84. Ke5 Kd8 85. Ke6 Ke8
86. d7+ Kd8 87. Kd6 1/2-1/2

[Event "European Youth Chess Championship B12"]
[Site "Prague, Top Hotel Prague"]
[Date "2016.08.26"]
[Round "8.13"]
[White "Pogosyan, Stefan"]
[Black "Marn, Jan"]
[Result "1-0"]
[WhiteElo "2200"]
[BlackElo "1896"]
[PlyCount "97"]
[EventDate "2016.08.18"]

1. d4 d5 2. c4 e6 3. Nc3 Be7 4. Nf3 Nf6 5. cxd5 exd5 6. Bg5 c6 7. Qc2 O-O 8. e3
h6 9. Bh4 Be6 10. Bd3 Nbd7 11. O-O b6 12. Ne2 c5 13. Nc3 c4 14. Be2 a6 15. a4
Rb8 16. Ne5 Nxe5 17. dxe5 Ne8 18. Bxe7 Qxe7 19. f4 g6 20. Bf3 Qc5 21. Qd2 Nc7
22. Ne2 b5 23. b4 cxb3 24. Rac1 Qa7 25. a5 b2 26. Rb1 Rfc8 27. Rxb2 Ne8 28. Nd4
Ng7 29. g4 Qe7 30. Rc1 Qd7 31. h3 Rxc1+ 32. Qxc1 Rc8 33. Rc2 Rxc2 34. Qxc2 h5
35. Qc5 hxg4 36. hxg4 Bxg4 37. Qxd5 Qc8 38. Qc6 Qxc6 39. Bxc6 Bd1 40. Kf2 Bg4
41. Bb7 Ne6 42. Nxe6 Bxe6 43. Bxa6 Bd5 44. Bc8 b4 45. Ke1 Kf8 46. a6 b3 47. Kd2
Bc4 48. Kc3 Ke7 49. Bb7 1-0

[Event "European Youth Chess Championship B12"]
[Site "Prague, Top Hotel Prague"]
[Date "2016.08.26"]
[Round "8.14"]
[White "Coca, Cristi-Iulian"]
[Black "Gines, Esteo Pedro Antonio"]
[Result "0-1"]
[WhiteElo "1929"]
[BlackElo "2194"]
[PlyCount "76"]
[EventDate "2016.08.18"]

1. e4 d6 2. d4 Nf6 3. Nc3 e5 4. dxe5 dxe5 5. Qxd8+ Kxd8 6. Nf3 Bd6 7. Bg5 Be6
8. O-O-O Ke7 9. Bh4 Nbd7 10. Nd2 h6 11. Bc4 a6 12. Bxe6 fxe6 13. Bg3 b5 14.
Rhe1 Rhb8 15. Nf3 Nh5 16. Nb1 a5 17. Nbd2 a4 18. Re3 Nxg3 19. hxg3 Bc5 20. Re2
Ra6 21. Ne1 Bd6 22. Nd3 Rf8 23. Nf3 c5 24. Red2 Rb8 25. Nh2 Rb7 26. Ne1 b4 27.
b3 c4 28. bxc4 Nc5 29. f3 b3 30. c3 a3 31. Nf1 Na4 32. axb3 Nxc3 33. Kc2 Nxd1
34. Rxd1 a2 35. Ra1 Ra3 36. Nd2 Bb4 37. Kb2 Bxd2 38. Kxa3 Bc3 0-1

[Event "European Youth Chess Championship B12"]
[Site "Prague, Top Hotel Prague"]
[Date "2016.08.26"]
[Round "8.15"]
[White "Tsvetkov, Andrey"]
[Black "Dobrikov, Marco"]
[Result "0-1"]
[WhiteElo "2096"]
[BlackElo "1911"]
[PlyCount "56"]
[EventDate "2016.08.18"]

1. d4 Nf6 2. c4 e6 3. Nc3 Bb4 4. f3 d5 5. a3 Bxc3+ 6. bxc3 O-O 7. cxd5 exd5 8.
e3 c5 9. Bd3 Nc6 10. Ne2 Re8 11. O-O Be6 12. Ng3 Rc8 13. Re1 Qd7 14. Ra2 Na5
15. Rae2 cxd4 16. cxd4 Nc4 17. Bc2 Nd6 18. Qd3 Qb5 19. e4 dxe4 20. fxe4 Bc4 21.
Qf3 Bxe2 22. Rxe2 Ndxe4 23. Nxe4 Nxe4 24. Bxe4 Rxc1+ 25. Kf2 g6 26. h4 Rc7 27.
g4 Rce7 28. Re3 Qb2+ 0-1

[Event "European Youth Chess Championship B12"]
[Site "Prague, Top Hotel Prague"]
[Date "2016.08.26"]
[Round "8.16"]
[White "Czernek, Tymon"]
[Black "Morgunov, Marc"]
[Result "0-1"]
[WhiteElo "1847"]
[BlackElo "2078"]
[PlyCount "182"]
[EventDate "2016.08.18"]

1. d4 Nf6 2. g3 g6 3. Bg2 Bg7 4. e4 d6 5. Nc3 O-O 6. Nge2 e5 7. h3 Nc6 8. Be3
Bd7 9. O-O a6 10. a4 Re8 11. Re1 Rb8 12. g4 h6 13. d5 Ne7 14. f4 exf4 15. Nxf4
Nc8 16. Nd3 b5 17. axb5 axb5 18. Bd4 Nb6 19. Rf1 Nc4 20. b3 Ne5 21. Nxe5 dxe5
22. Be3 c6 23. Qf3 b4 24. dxc6 Bxc6 25. Nd5 Bxd5 26. exd5 e4 27. Qf2 Qxd5 28.
Kh1 Rbd8 29. Ra4 Qd6 30. Ra5 Rd7 31. Re1 Nd5 32. Bd4 e3 33. Rxd5 Qxd5 34. Bxd5
exf2 35. Rxe8+ Kh7 36. Bxf2 Rxd5 37. Re2 Bc3 38. Kg2 Kg7 39. Kf3 f5 40. Re7+
Kf6 41. Rc7 fxg4+ 42. hxg4 Rd6 43. Be3 h5 44. gxh5 gxh5 45. Rc5 Be5 46. Ke4 Re6
47. Kd3 Kf5 48. Rb5 h4 49. Rxb4 h3 50. Bg1 Bg3 51. Bh2 Rd6+ 52. Ke2 Bxh2 53.
Rh4 Bf4 54. Rxh3 Rd2+ 55. Ke1 Rxc2 56. Kd1 Rb2 57. Rh5+ Ke4 58. Rb5 Be3 59. Ke1
Bd4 60. Kf1 Be3 61. Ke1 Kd3 62. Kf1 Rf2+ 63. Ke1 Rg2 64. Rf5 Rg1+ 65. Rf1 Bd2+
66. Kf2 Be3+ 67. Ke1 Rg2 68. Rf8 Rb2 69. Rd8+ Bd4 70. Kf1 Rf2+ 71. Ke1 Rg2 72.
Rf8 Rb2 73. Kf1 Rxb3 74. Kg2 Ke2 75. Re8+ Be3 76. Rf8 Rb1 77. Re8 Rg1+ 78. Kh2
Rg6 79. Rf8 Bf2 80. Ra8 Kf1 81. Ra3 Ke2 82. Ra8 Kf1 83. Ra3 Rh6+ 84. Rh3 Rf6
85. Ra3 Ke2 86. Ra8 Kf3 87. Rh8 Bg3+ 88. Kh3 Rg6 89. Rh7 Rg8 90. Rh5 Bf4 91.
Rh7 Rg1 0-1

[Event "European Youth Chess Championship B12"]
[Site "Prague, Top Hotel Prague"]
[Date "2016.08.26"]
[Round "8.17"]
[White "Yaniv, Yuval"]
[Black "Uzumcu, Ahmet Utku"]
[Result "0-1"]
[WhiteElo "1845"]
[BlackElo "2047"]
[PlyCount "47"]
[EventDate "2016.08.18"]

1. e4 c5 2. Nf3 d6 3. d4 cxd4 4. Nxd4 Nf6 5. Nc3 a6 6. f4 e5 7. Nf3 Nbd7 8. a4
Qc7 9. Bd3 Be7 10. O-O O-O 11. Qe2 exf4 12. Kh1 Ne5 13. Bxf4 Be6 14. Nd4 Qb6
15. Nxe6 fxe6 16. Bc4 Qxb2 17. Bxe6+ Kh8 18. Bxe5 dxe5 19. Qc4 Rad8 20. h3 Qxc2
21. Rac1 Qd2 22. Qc7 Qd6 23. Qc4 Nh5 24. Kh2 0-1

[Event "European Youth Chess Championship B12"]
[Site "Prague, Top Hotel Prague"]
[Date "2016.08.26"]
[Round "8.18"]
[White "Dudin, Gleb"]
[Black "Stoyanov, Georgi"]
[Result "0-1"]
[WhiteElo "1965"]
[BlackElo "1810"]
[PlyCount "90"]
[EventDate "2016.08.18"]

1. d4 Nf6 2. Nf3 e6 3. g3 c5 4. Bg2 Nc6 5. O-O d5 6. c4 Be7 7. Nc3 O-O 8. Bf4
a6 9. Rc1 dxc4 10. dxc5 Bxc5 11. Ne5 Nxe5 12. Bxe5 Ng4 13. Qxd8 Rxd8 14. Bc7
Rd7 15. Bf4 e5 16. Ne4 Ba7 17. Bh3 Re7 18. Rfd1 Be6 19. Bxg4 Bxg4 20. Bg5 Rc7
21. Rd2 h6 22. Bd8 Rd7 23. Rxd7 Bxd7 24. Bc7 Rc8 25. Rxc4 Bb6 26. Nd6 Rxc7 27.
Rxc7 Bxc7 28. Nxb7 Kf8 29. Nc5 Bc8 30. a4 Ke7 31. b4 Bd6 32. Nd3 e4 33. Nf4
Bxf4 34. gxf4 Bd7 35. b5 axb5 36. axb5 Bxb5 37. e3 Be2 38. Kg2 Kf6 39. Kg3 Kf5
40. h3 g5 41. fxg5 Kxg5 42. h4+ Kh5 43. Kh3 f5 44. Kg3 Bg4 45. f3 exf3 0-1

[Event "European Youth Chess Championship B12"]
[Site "Prague, Top Hotel Prague"]
[Date "2016.08.26"]
[Round "8.19"]
[White "Bacrot, Alexandre"]
[Black "Frank, Adam"]
[Result "1-0"]
[WhiteElo "1961"]
[BlackElo "1816"]
[PlyCount "75"]
[EventDate "2016.08.18"]

1. e4 e5 2. Nf3 Nc6 3. Bb5 a6 4. Ba4 Nf6 5. O-O Be7 6. Re1 b5 7. Bb3 d6 8. c3
O-O 9. d3 Be6 10. Bxe6 fxe6 11. Nbd2 Qe8 12. Nf1 Qg6 13. Ng3 Ng4 14. Qe2 Rf7
15. h3 Nh6 16. Be3 Raf8 17. Rf1 Kh8 18. a4 Ng8 19. d4 exd4 20. cxd4 h5 21. axb5
axb5 22. h4 Rxf3 23. gxf3 Bxh4 24. Kh2 Bf6 25. Qxb5 Nxd4 26. Bxd4 Bxd4 27.
Qxh5+ Qxh5+ 28. Nxh5 Rxf3 29. Kg2 Rb3 30. Ra8 Kh7 31. Nf4 e5 32. Ne6 Nf6 33.
Rf8 Kg6 34. Rg1 Rxb2 35. Kh1+ Kh6 36. Rh8+ Nh7 37. Rxg7 Re2 38. Rhxh7# 1-0

[Event "European Youth Chess Championship B12"]
[Site "Prague, Top Hotel Prague"]
[Date "2016.08.26"]
[Round "8.20"]
[White "Hakobyan, Eduard"]
[Black "Pedoson, Georg Aleksander"]
[Result "1-0"]
[WhiteElo "1776"]
[BlackElo "1944"]
[PlyCount "95"]
[EventDate "2016.08.18"]

1. e4 c5 2. Nf3 Nc6 3. d4 cxd4 4. Nxd4 Qb6 5. Nb3 Nf6 6. Be3 Qc7 7. Nc3 e6 8.
a3 a6 9. f4 d6 10. Be2 Be7 11. O-O b5 12. Bf3 Bb7 13. Qe2 O-O 14. Qf2 Nd7 15.
Rad1 Rac8 16. Rfe1 b4 17. axb4 Nxb4 18. Nd4 Nc5 19. Bd2 e5 20. fxe5 dxe5 21.
Nf5 Nxc2 22. Qg3 g6 23. Rf1 Kh8 24. Nh6 f6 25. h4 Nd4 26. h5 g5 27. Kh2 Rcd8
28. Be3 Nce6 29. Bg4 Nf4 30. Qf2 Qc6 31. g3 Nd3 32. Qg2 Nc5 33. Rc1 Qb6 34.
Bxg5 fxg5 35. Nf7+ Kg8 36. Nxd8 Rxd8 37. Rcd1 Qc6 38. Rde1 Rd6 39. Rf2 a5 40.
Ref1 a4 41. Qh3 Nd3 42. Rd2 a3 43. Ne2 axb2 44. Nxd4 Rxd4 45. Be6+ Kh8 46. Qf5
Qb6 47. h6 Nf2 48. Qxe5+ 1-0

[Event "European Youth Chess Championship B12"]
[Site "Prague, Top Hotel Prague"]
[Date "2016.08.26"]
[Round "8.21"]
[White "Schlegel, Igor"]
[Black "Mitev, Valentin"]
[Result "0-1"]
[WhiteElo "1856"]
[BlackElo "2119"]
[PlyCount "58"]
[EventDate "2016.08.18"]

1. e4 c5 2. Nc3 Nc6 3. f4 g6 4. Nf3 Bg7 5. Bb5 Nd4 6. O-O a6 7. Bc4 e6 8. d3
Ne7 9. Nxd4 cxd4 10. Ne2 O-O 11. Qe1 d5 12. Bb3 a5 13. a3 b5 14. Bd2 dxe4 15.
dxe4 Bb7 16. Ng3 Qb6 17. f5 exf5 18. exf5 Nd5 19. Qf2 Ne3 20. fxg6 hxg6 21.
Bxf7+ Kh7 22. Bxe3 dxe3 23. Qe2 Rad8 24. Bxg6+ Qxg6 25. Rxf8 Rd2 26. Qxb5 Rxg2+
27. Kf1 Ba6 28. Kxg2 Bxb5 29. Rf4 Qxc2+ 0-1

[Event "European Youth Chess Championship B12"]
[Site "Prague, Top Hotel Prague"]
[Date "2016.08.26"]
[Round "8.22"]
[White "Schernthaner, David"]
[Black "Dardha, Daniel"]
[Result "1/2-1/2"]
[WhiteElo "1844"]
[BlackElo "2095"]
[PlyCount "61"]
[EventDate "2016.08.18"]

1. e4 c5 2. Nf3 Nc6 3. Bb5 g6 4. Bxc6 dxc6 5. d3 Bg7 6. O-O Nf6 7. h3 Nd7 8.
Nc3 e5 9. Be3 Qe7 10. Qd2 h6 11. Nh2 Nf8 12. Kh1 Ne6 13. Ne2 h5 14. c3 O-O 15.
Bh6 Rd8 16. Bxg7 Kxg7 17. Qe3 a5 18. Rad1 b6 19. f4 Nxf4 20. Nxf4 exf4 21. Qxf4
Ba6 22. c4 Rf8 23. Nf3 f6 24. e5 fxe5 25. Qxe5+ Qxe5 26. Nxe5 Rad8 27. Rxf8
Rxf8 28. Kg1 Re8 29. Re1 Re6 30. Kf2 Bc8 31. Re3 1/2-1/2

[Event "European Youth Chess Championship B12"]
[Site "Prague, Top Hotel Prague"]
[Date "2016.08.26"]
[Round "8.23"]
[White "Spyropoulos, Nikolaos"]
[Black "Nguyen, Lucas"]
[Result "1-0"]
[WhiteElo "2045"]
[BlackElo "1806"]
[PlyCount "49"]
[EventDate "2016.08.18"]

1. e4 c5 2. Nf3 Nc6 3. d4 cxd4 4. Nxd4 Nf6 5. Nc3 g6 6. Nxc6 bxc6 7. e5 Ng8 8.
Bc4 Bg7 9. Qf3 e6 10. Bf4 Ne7 11. O-O O-O 12. Ne4 f5 13. Nd6 Nd5 14. Bxd5 cxd5
15. Qg3 Ba6 16. Rfe1 Qb6 17. b3 Rfb8 18. h4 Qd8 19. h5 gxh5 20. Bg5 Qf8 21. Qh4
Bxe5 22. Rxe5 Qxd6 23. Qg3 f4 24. Bxf4+ Kh8 25. Rg5 1-0

[Event "European Youth Chess Championship B12"]
[Site "Prague, Top Hotel Prague"]
[Date "2016.08.26"]
[Round "8.24"]
[White "Mochalin, Faddey"]
[Black "Koziorowicz, Michal"]
[Result "0-1"]
[WhiteElo "2020"]
[BlackElo "1816"]
[PlyCount "78"]
[EventDate "2016.08.18"]

1. e4 c5 2. Nf3 d6 3. d4 cxd4 4. Nxd4 Nf6 5. Nc3 g6 6. Be3 Bg7 7. f3 O-O 8. Qd2
Nc6 9. Bc4 Bd7 10. O-O-O Rc8 11. Bb3 Ne5 12. Kb1 Re8 13. h4 h5 14. g4 hxg4 15.
h5 Nxh5 16. Bh6 Kh7 17. Bxg7 Kxg7 18. fxg4 Bxg4 19. Rdg1 Rh8 20. Qg5 Qb6 21.
Rxg4 Qxd4 22. Ne2 Qc5 23. Rgg1 Nf3 24. Qxe7 Rc7 25. Rxg6+ Kxg6 26. Bxf7+ Kg7
27. Qe6 Rxf7 28. a3 Nf4 29. Qg4+ Qg5 30. Qxf3 Rxh1+ 31. Qxh1 Nxe2 32. Ka2 Qg3
33. Qh5 Nc1+ 34. Kb1 Rf1 35. b3 Nxb3+ 36. Kb2 Nc5 37. Qe2 Na4+ 38. Ka2 Ra1+ 39.
Kxa1 Qxa3+ 0-1